000 00419nam a2200181Ia 4500
008 210210b1947 xxu||||| |||| 00| 0 eng d
041 _aeng
082 _a531/51
100 _aEDDINGTON (Arthur)
245 _aNew pathways in science
260 _aCambridge
_bThe University Press
_c1947
300 _ax,333
650 _ascience
650 _apathways
650 _aNew
690 _aPhysics
906 _a008252
999 _c126155
_d126155